Certi diritti che le coppie conviventi non sanno di avere /

Saved in:
Bibliografiske detaljer
Andre forfattere: De Filippis, Bruno
Format: Bog
Sprog:italiensk
Udgivet: Viterbo : Stampa alternativa/Nuovi equilibri, 2012
Serier:Eretica
Fag:
Tags: Tilføj Tag
Ingen Tags, Vær først til at tagge denne postø!

MARC

LEADER 00000nam a22000007i 4500
001 IT\ICCU\LO1\1419939
003 ItRI
005 20260207201437.0
008 120411s2012 it |||||| ||||| |||||c
020 |a 9788862222815 
040 |b ita  |c ct 
041 7 |a ita  |2 ISO-639-2 
082 |a 346.45015  |2 21 
245 0 0 |a Certi diritti che le coppie conviventi non sanno di avere /  |c Bruno de Filippis ... [et al.!. 
260 |a Viterbo :  |b Stampa alternativa/Nuovi equilibri,  |c 2012 
300 |a 106 p. ;  |c 17 cm. 
650 7 |a Diritto di famiglia 
650 7 |a Famiglia di fatto  |x Tutela giuridica  |2 scbi 
700 1 |a De Filippis, Bruno  |0 IT\ICCU\CFIV\120199 
830 0 |a Eretica  |0 IT\ICCU\LO1\0401876 
942 |2 ddc  |c BK 
952 |0 0  |1 0  |2 ddc  |4 0  |6 B_SDL03DEFBRCER11  |7 0  |9 7700  |a MI  |b MI  |d 2012-04-13  |i 6426  |l 0  |o B-SDL03-DEFBR-CER11  |p CDOM6426  |r 2025-07-13 16:28:45  |w 2025-07-13  |x ACQUISTO  |y BK 
952 |0 0  |1 0  |4 0  |6 DOC_346_450000000000000_DEF  |7 0  |9 20431  |a BO  |b BO  |d 2026-01-15  |i 16728  |l 0  |o DOC 346.450 DEF  |p BO16728  |r 2026-01-15 23:21:24  |w 2026-01-15  |x [Sebina 5] [1 v.]  |y BK  |z 1 v. 
999 |c 6375  |d 6375